|
|
|
|
| LEADER |
00872pam a22002538a 4500 |
| 001 |
00021857 |
| 005 |
20171026081023.0 |
| 008 |
110526s1978 ||||||Viesd |
| 041 |
0 |
# |
|a Vie
|
| 082 |
1 |
4 |
|a 891.73
|b T515TR
|
| 100 |
0 |
# |
|a Ihiina, Êlêna
|
| 245 |
0 |
0 |
|a Tuổi trẻ Các Mác
|b Tiểu thuyết
|c Êlêna Ihiina; Trần Khuyết Như Thành, Cao Xuân Hạo
|
| 250 |
# |
# |
|a In lần thứ ba
|
| 260 |
# |
# |
|a H.
|b Thanh Niên
|c 1978
|
| 300 |
# |
# |
|a 412 tr.
|c 19 cm.
|
| 650 |
# |
4 |
|a Liên Xô
|
| 650 |
# |
4 |
|a Văn học hiện đại
|
| 653 |
# |
# |
|a Tiểu thuyết
|
| 700 |
0 |
# |
|a Cao Xuân Hạo
|e Dịch
|
| 700 |
0 |
# |
|a Trần Khuyết Như Thành
|e Dịch
|
| 852 |
# |
# |
|b Kho đọc
|j KD.0006248
|
| 852 |
# |
# |
|j KD.0006248
|
| 910 |
0 |
# |
|a Bằng
|d 26/05/2011
|
| 980 |
# |
# |
|a Trung tâm Học liệu Lê Vũ Hùng, Trường Đại học Đồng Tháp
|